| 000 | 00649nam a22002057a 4500 | ||
|---|---|---|---|
| 999 |
_c190896 _d190896 |
||
| 005 | 20220810112552.0 | ||
| 010 | _aENG-134379 | ||
| 020 |
_a9789391373207 _c250.00 |
||
| 035 | _aEN-117911 | ||
| 037 | _bDBAD/PUB | ||
| 082 | _a006.31 | ||
| 100 | _aSudharson, D. | ||
| 245 |
_aThe Verticals of Machine Learning: _bIn Interview Perspective/ _cD. Sudharson, K. Vignesh and A. Saravanan |
||
| 260 |
_aMadurai _bShanlax Publications _c2021 |
||
| 270 |
_a61, 66 T.P.K. Main Road, Vasantha Nagar _bMadurai _e625003 |
||
| 300 |
_a100p. _c29cm(pbk) |
||
| 700 | _aVignesh, K. | ||
| 700 | _aSarvanan, A. | ||
| 942 |
_2ddc _cEN _h006.31 _mSUD |
||